Statistics for Eurovision Song Contest 2021

Click here to take the quiz!

General Stats

  • This quiz has been taken 260 times
    (257 since last reset)
  • The average score is 56 of 78

Answer Stats

HintAnswer% Correct
RussiaRussian Woman
91%
CyprusEl Diablo
90%
AzerbaijanMata Hari
89%
LithuaniaThe Roop
89%
SwedenVoices
89%
AustriaAmen
88%
SloveniaAmen
88%
LithuaniaDiscoteque
88%
NorwayFallen Angel
86%
UkraineGo_A
85%
GreeceLast Dance
85%
IsraelSet Me Free
85%
UkraineShum
85%
MoldovaSugar
85%
FranceVoilà
85%
San MarinoAdrenalina
84%
FinlandDark Side
84%
MaltaJe me casse
84%
SerbiaLoco Loco
84%
ItalyMåneskin
84%
NorwayTIX
84%
SwedenTusse
84%
GermanyI Don't Feel Hate
83%
Iceland10 Years
82%
MaltaDestiny
82%
IrelandMaps
82%
GreeceStefania
81%
AustraliaTechnicolour
81%
CroatiaTick-Tock
81%
AzerbaijanEfendi
80%
SerbiaHurricane
80%
FranceBarbara Pravi
79%
United KingdomEmbers
79%
BulgariaGrowing Up Is Getting Old
79%
PortugalLove Is on My Side
78%
ItalyZitti e buoni
78%
RomaniaAmnesia
77%
Czech RepublicOmaga
77%
BelgiumThe Wrong Place
77%
AustraliaMontaigne
76%
BulgariaVictoria
76%
BelgiumHooverphonic
75%
RomaniaRoxen
75%
SwitzerlandTout l'univers
74%
GeorgiaYou
74%
San MarinoSenhit & Flo Rida
73%
AlbaniaKarma
72%
PortugalThe Black Mamba
72%
SwitzerlandGjon's Tears
71%
RussiaManizha
69%
North MacedoniaVasil
69%
CroatiaAlbina
68%
United KingdomJames Newman
68%
GermanyJendrik
68%
FinlandBlind Channel
67%
IrelandLesley Roy
67%
PolandThe Ride
67%
SpainBlas Cantó
65%
LatviaThe Moon Is Rising
64%
NetherlandsBirth of a New Age
63%
Czech RepublicBenny Cristo
61%
PolandRafał
60%
IsraelEden Alene
59%
AustriaVincent Bueno
59%
MoldovaNatalia Gordienko
57%
EstoniaThe Lucky One
57%
SpainVoy a quedarme
57%
North MacedoniaHere I Stand
56%
EstoniaUku Suviste
56%
LatviaSamanta Tīna
55%
SloveniaAna Soklič
52%
CyprusElena Tsagrinou
45%
NetherlandsJeangu Macrooy
41%
IcelandDaði & Gagnamagnið
34%
GeorgiaTornike Kipiani
34%
AlbaniaAnxhela Peristeri
33%
DenmarkØve os på hinanden
32%
DenmarkFyr & Flamme
31%

Score Distribution

Percentile by Number Answered

Percent of People with Each Score

Your Score History

You have not taken this quiz since the last reset